[Event "Let's Play Chess! Real"]
[Site "http://www.queenalice.com/game.php?id=935420"]
[Date "2011.5.8"]
[Round "-"]
[White "lmangifeste"]
[Black "Greeley"]
[Result "1-0"]
[WhiteElo "1026"]
[BlackElo "1938"]

1. d4 f5 2. Nf3 Nf6 3. c4 g6 4. Nc3 Bg7 5. g3 d6 6. Bg2 O-O 7. O-O Nbd7 8. Ng5
Nb6 9. c5 dxc5 10. dxc5 Qxd1 11. Rxd1 Nc4 12. Nd5 c6 13. Nxe7+ Kh8 14. Rd4 Ne5
15. Rb4 a5 16. Rb3 a4 17. Rb4 h6 18. f4 1-0

[Event "Vamos jogar? 3000"]
[Site "http://www.queenalice.com/game.php?id=935426"]
[Date "2011.5.8"]
[Round "-"]
[White "GiovanniCosta"]
[Black "lmangifeste"]
[Result "1-0"]
[WhiteElo "1873"]
[BlackElo "1026"]

1. d4 d5 2. Nf3 Nf6 3. c4 c6 4. Nc3 e6 5. Bg5 dxc4 6. e4 b5 7. e5 h6 8. Bh4 g5
9. Nxg5 hxg5 10. Bxg5 Be7 11. exf6 Bxf6 12. Be3 Na6 13. a4 Rb8 14. Be2 Rh4 15.
Bf3 Nb4 16. O-O a6 17. Ne4 Nd3 18. Nxf6+ Qxf6 19. g3 Rh8 20. Be4 Nxb2 21. Qc1
Nxa4 22. Bg5 Qg7 23. Bxc6+ Kf8 24. Qf4 e5 25. dxe5 Qh7 26. h4 Be6 27. Qd4 Kg8
28. Rfd1 Qc2 29. Be4 Qxe4 30. Qxe4 Nc5 31. Qe3 Na4 32. Rd6 c3 33. Rad1 Re8 34.
Rd8 Bd7 35. R1xd7 Kh7 36. Qe4+ Kg7 37. Bf6+ Kh6 38. Qf4+ 1-0

[Event "Jogoooo????"]
[Site "http://www.queenalice.com/game.php?id=936412"]
[Date "2011.5.10"]
[Round "-"]
[White "paivaric"]
[Black "lmangifeste"]
[Result "0-1"]
[WhiteElo "1345"]
[BlackElo "1026"]

1. d4 Nf6 2. Nf3 g6 3. h4 Bg7 4. c4 O-O 5. g3 d5 6. b3 dxc4 7. bxc4 c5 8. e3 Nc6
9. Bb2 cxd4 10. exd4 Qb6 11. Bc3 Ne4 12. c5 Nxc3 13. Nxc3 Qb4 14. Qc1 Nxd4 15.
Rb1 Nxf3+ 16. Kd1 Qxc5 17. Nb5 Qd5+ 18. Ke2 Bg4 19. Bg2 Qe4+ 20. Kf1 Qd3# 0-1

[Event "Challenge"]
[Site "http://www.queenalice.com/game.php?id=937290"]
[Date "2011.5.12"]
[Round "-"]
[White "Aldino"]
[Black "lmangifeste"]
[Result "0-1"]
[WhiteElo "2136"]
[BlackElo "1026"]

1. e4 Nc6 2. Nf3 Nf6 3. e5 Ng4 4. d4 d6 5. h3 Nh6 6. Bxh6 gxh6 7. Be2 dxe5 8.
dxe5 Qxd1+ 9. Bxd1 Rg8 10. Kf1 Bg7 11. c3 Bf5 12. Na3 Bd3+ 13. Be2 Bxe2+ 14.
Kxe2 Nxe5 15. Rhd1 Nxf3 16. Kxf3 Be5 17. Nc4 Bg7 18. Rd3 a6 19. Rad1 b5 20. Ne3
c5 21. Nf5 Bf8 22. g3 Rg5 23. Ne3 Bg7 24. h4 Rg6 25. Kg2 c4 26. Rd7 Be5 27. Nf5
Re6 28. f4 Bf6 29. Kf3 h5 30. R7d5 Bh8 31. Ne3 Rh6 32. Rg5 Kf8 33. Nf5 Re6 34.
Rxh5 Kg8 35. Rg5+ Kf8 36. Ne3 Bg7 37. Nf5 Bf6 38. Rh5 Kg8 39. g4 b4 40. g5 Bh8
41. Ne3 bxc3 42. bxc3 Bxc3 43. f5 Re5 44. Rd5 Rc8 45. Kf4 Rc5 46. Rxc5 Rxc5 47.
Rh6 Be5+ 48. Ke4 Bd6 49. f6 e6 50. Kd4 c3 51. Kd3 e5 0-1

[Event "Challenge"]
[Site "http://www.queenalice.com/game.php?id=937699"]
[Date "2011.5.13"]
[Round "-"]
[White "aknightout"]
[Black "lmangifeste"]
[Result "0-1"]
[WhiteElo "2055"]
[BlackElo "1105"]

1. e4 c5 2. Nf3 Nc6 3. d3 g6 4. Be2 Bg7 5. c3 d6 6. O-O e5 7. Na3 Nf6 8. Qb3 O-O
9. Bg5 a6 10. Nh4 b5 11. Rac1 Be6 12. Qd1 Bxa2 13. Bd2 Nxe4 14. Nxg6 Nxd2 0-1

[Event "Let's Play Chess!"]
[Site "http://www.queenalice.com/game.php?id=939539"]
[Date "2011.5.18"]
[Round "-"]
[White "MariusLola"]
[Black "lmangifeste"]
[Result "0-1"]
[WhiteElo "1849"]
[BlackElo "1086"]

1. Nf3 d5 2. g3 Bf5 3. d3 Nc6 4. Bg2 e5 5. Nc3 d4 6. Nb5 a6 7. Bg5 f6 8. Nxc7+
Qxc7 9. Bd2 Qb6 10. b3 O-O-O 11. O-O Bb4 12. a3 Bxd2 13. Nxd2 Kb8 14. Nc4 Qc7
15. Qd2 b5 16. Bxc6 Qxc6 17. Na5 Qa8 18. c4 Bh3 19. Rfc1 Qg2# 0-1

[Event "Let's Play Chess!real"]
[Site "http://www.queenalice.com/game.php?id=939904"]
[Date "2011.5.19"]
[Round "-"]
[White "digger"]
[Black "lmangifeste"]
[Result "0-1"]
[WhiteElo "1532"]
[BlackElo "1064"]

1. d4 Nf6 2. Nc3 d5 3. Bf4 Bf5 4. e3 e6 5. Bd3 Bxd3 6. Qxd3 Nc6 7. Nf3 Bd6 8.
O-O-O O-O 9. h4 Bxf4 10. exf4 Ng4 11. Qe2 Qf6 12. h5 Qxf4+ 13. Qd2 Qxd2+ 14.
Rxd2 a6 15. Rh4 Nh6 16. Ng5 Nf5 17. Rh3 Nfxd4 18. g4 f6 19. Nf3 Nxf3 20. Rxf3
Kf7 21. g5 b5 22. a4 b4 23. Ne2 Ne5 24. Rf4 Ke7 25. gxf6+ Rxf6 26. Rxf6 gxf6 27.
b3 Kd6 28. Nf4 Rg8 29. Rd4 c5 30. Rd1 Rg4 31. Ne2 Rg2 32. Rf1 Ng4 33. Nf4 Rxf2
34. Rxf2 Nxf2 35. h6 f5 36. Nh5 Ke5 37. Kd2 Ne4+ 38. Ke2 c4 39. bxc4 dxc4 40.
Kd1 f4 41. Ke2 Ng3+ 42. Nxg3 fxg3 43. Kf3 b3 44. cxb3 cxb3 45. Kxg3 b2 46. a5
b1=Q 47. Kf3 Qe4+ 48. Kf2 Kf4 49. Kf1 Kg3 50. Kg1 Qb1# 0-1

[Event "Let's Play Chess! New"]
[Site "http://www.queenalice.com/game.php?id=940104"]
[Date "2011.5.19"]
[Round "-"]
[White "adelio"]
[Black "lmangifeste"]
[Result "1/2-1/2"]
[WhiteElo "1801"]
[BlackElo "1086"]

1. g3 d5 2. b4 Nc6 3. b5 Nd4 4. e3 Ne6 5. d4 Ng5 6. Bg2 Nf6 7. h4 Nge4 8. a4 a6
9. Bb2 axb5 10. axb5 Rxa1 11. Bxa1 Qd6 12. Ne2 Qb4+ 13. Nbc3 Bg4 14. f3 Bf5 15.
fxe4 Bxe4 16. O-O Bxg2 17. Kxg2 e6 18. Nf4 h5 19. Qd3 Bd6 20. Nxe6 fxe6 21. Qg6+
Kf8 22. e4 Qc4 23. Rf2 Qxd4 24. Rf1 Rh6 25. Qg5 dxe4 26. Ne2 Qd5 27. Bxf6 Rxf6
28. Rxf6+ gxf6 29. Qxf6+ Ke8 30. Qg6+ Kd7 31. Kh3 Qf5+ 32. Qxf5 exf5 33. c4 Be5
34. Nc1 Kd6 35. Nb3 c5 36. Nc1 e3 37. Ne2 Ke7 38. Kg2 Bd4 39. Kf3 b6 40. Kf4 Kf6
41. Ng1 Be5+ 42. Kf3 Bc3 43. Kf4 Bd4 44. Kf3 Ke6 45. Kf4 Be5+ 46. Kf3 Kd7 47.
Ne2 Bd4 48. Kf4 Kd6 49. Kxf5 Kd7 50. Kg5 Be5 51. Kxh5 Ke7 52. Kg4 Bg7 53. h5 Kf6
54. Kf3 Kg5 55. Nf4 Bd4 56. g4 Be5 57. Ne2 Bd4 58. Kg3 Bg7 1/2-1/2

[Event "Let's Playi Chess "]
[Site "http://www.queenalice.com/game.php?id=950532"]
[Date "2011.6.16"]
[Round "-"]
[White "spawnwolfwolverine"]
[Black "lmangifeste"]
[Result "0-1"]
[WhiteElo "1616"]
[BlackElo "1105"]

1. d4 d5 2. e3 Bd7 3. g3 e6 4. Bg2 Be7 5. Ne2 Nf6 6. O-O O-O 7. b3 c5 8. Bb2
cxd4 9. Nxd4 Nc6 10. Nxc6 Bxc6 11. Nd2 Rc8 12. c4 dxc4 13. Nxc4 Bxg2 14. Kxg2 b5
15. Qxd8 Rfxd8 16. Bxf6 Bxf6 17. Rad1 bxc4 18. Rxd8+ Bxd8 19. bxc4 Rxc4 20. Rb1
Bb6 21. f3 Rc2+ 22. Kh3 Rc3 23. a4 h6 24. a5 Bxe3 25. f4 Bxf4 26. a6 Be3 27. Ra1
Rc2 28. Re1 Bb6 29. g4 Bc7 30. Rh1 g5 31. Re1 Rxh2# 0-1

[Event "Let's Play Chess!Wise"]
[Site "http://www.queenalice.com/game.php?id=950533"]
[Date "2011.6.16"]
[Round "-"]
[White "spawnwolfwolverine"]
[Black "lmangifeste"]
[Result "1-0"]
[WhiteElo "1643"]
[BlackElo "1166"]

1. e4 e5 2. d3 Bc5 3. Be3 Bxe3 4. fxe3 Nh6 5. Nc3 d6 6. Nf3 Bg4 7. h3 Be6 8. d4
exd4 9. exd4 O-O 10. d5 Bd7 11. Bd3 f5 12. exf5 Nxf5 13. Bxf5 Rxf5 14. O-O Na6
15. a3 Kh8 16. b4 Qf6 17. Ne2 Bb5 18. c3 Bxe2 19. Qxe2 Qxc3 20. Qe6 Qf6 21. Qxf6
Rxf6 22. b5 Nc5 23. a4 a6 24. g4 axb5 25. Kg2 bxa4 26. Nd4 Rxf1 27. Kxf1 b6 28.
Ne6 Ra7 29. h4 a3 30. Nxc5 dxc5 31. Ke2 a2 32. Kd2 Ra4 33. g5 Rxh4 34. Kd3 Rh2
35. Kc3 Rg2 36. Kc4 Rd2 37. Kb5 Rxd5 38. Rxa2 Rd8 39. Kc6 Rc8 40. Rc2 g6 41. Kd7
Rd8+ 42. Kxd8 c6 43. Kc7 Kg7 44. Kxc6 h6 45. gxh6+ Kxh6 46. Kxb6 g5 47. Kxc5 g4
48. Kd5 Kg5 49. Ke5 g3 50. Ke4 1-0

[Event "Let's Play Chess!Free"]
[Site "http://www.queenalice.com/game.php?id=950534"]
[Date "2011.6.16"]
[Round "-"]
[White "adelio"]
[Black "lmangifeste"]
[Result "0-1"]
[WhiteElo "1792"]
[BlackElo "1105"]

1. b4 d5 2. b5 Nf6 3. h3 a6 4. e3 axb5 5. Bxb5+ c6 6. Bf1 Na6 7. d4 Qa5+ 8. c3
Bf5 9. Bd2 Ne4 10. g4 Bc8 11. a4 Qb6 12. Ra2 h5 13. Bg2 hxg4 14. hxg4 Nac5 15.
dxc5 Rxh1 16. Bxh1 Nxc5 17. Bf3 Qa6 18. Be2 b5 19. g5 Qb6 20. Qc2 Rxa4 21. g6
Rxa2 22. gxf7+ Kxf7 23. Bh5+ Kg8 24. Qxa2 e5 25. e4 Nxe4 26. Be3 Bc5 27. Qa8 Qc7
28. Bg4 Bxe3 29. Bxc8 Bxf2+ 30. Kd1 Bxg1 31. Be6+ Kh7 32. Qg8+ Kh6 33. Qh8+ Kg6
34. Qe8+ Kg5 35. Qh8 Qe7 36. Bc8 Kf4 37. Kc2 Be3 38. Qh2+ Ng3 39. Qh3 Qg5 40.
Qh2 Qg6+ 41. Kb2 e4 42. Bh3 Bc5 43. Qc2 Qf6 44. Kb3 e3 45. Qc1 Ne4 46. Qf1+ Kg5
47. Qg2+ Kh6 48. Qh2 Bd6 49. Qe2 Qf2 50. Qg4 Bc7 51. Qe6+ g6 52. Qxc6 e2 53. Qe8
e1=Q 54. Qh8+ Kg5 55. Na3 Qd1+ 56. Nc2 Qdxc2+ 57. Kb4 Qc5# 0-1

[Event "Let's Play Chess!Kfree"]
[Site "http://www.queenalice.com/game.php?id=950537"]
[Date "2011.6.16"]
[Round "-"]
[White "adelio"]
[Black "lmangifeste"]
[Result "0-1"]
[WhiteElo "1759"]
[BlackElo "1105"]

1. g3 d5 2. b4 e6 3. b5 Bd7 4. e3 Nf6 5. a4 Bd6 6. d4 a6 7. Bb2 axb5 8. axb5
Rxa1 9. Bxa1 O-O 10. Bd3 Qe8 11. f4 Bxb5 12. Nd2 Bxd3 13. cxd3 Qb5 14. Qc2 Nc6
15. Ne2 Nb4 16. Qb1 Nxd3+ 17. Kf1 Qxb1+ 18. Nxb1 Ng4 19. Bc3 Nxe3+ 20. Kg1 f6
21. h3 g5 22. Kh2 gxf4 23. Rg1 f3 24. Nf4 f2 25. Rh1 Nxf4 26. Nd2 Ne2 27. Nf1
Nf5 28. Kg2 Nxc3 29. Kxf2 Ra8 30. g4 Ra2+ 31. Kf3 Nh4+ 32. Ke3 Nd1+ 33. Kd3 Nf3
34. Ne3 Rd2# 0-1

[Event "Let's Play Chess!Real"]
[Site "http://www.queenalice.com/game.php?id=950915"]
[Date "2011.6.17"]
[Round "-"]
[White "UIA"]
[Black "lmangifeste"]
[Result "0-1"]
[WhiteElo "1163"]
[BlackElo "1078"]

1. c4 Nf6 2. d4 e6 3. Nc3 Bb4 4. Bd2 O-O 5. a3 Bxc3 6. Bxc3 Ne4 7. Qd3 d5 8. f3
Qh4+ 9. g3 Nxg3 10. hxg3 Qxh1 11. Nh3 b6 12. Bb4 Re8 13. c5 Ba6 14. Qe3 Nc6 15.
Qf2 bxc5 16. Bxc5 Na5 17. O-O-O Nb3+ 18. Kc2 Nxc5 19. dxc5 Rab8 20. Bg2 Rxb2+
21. Kxb2 Qxd1 22. c6 Rb8+ 23. Kc3 Rb3# 0-1

[Event "Let's Play Chess! Real"]
[Site "http://www.queenalice.com/game.php?id=954066"]
[Date "2011.6.26"]
[Round "-"]
[White "murgu"]
[Black "lmangifeste"]
[Result "0-1"]
[WhiteElo "1901"]
[BlackElo "1136"]

1. Nf3 Nf6 2. c4 g6 3. Nc3 Bg7 4. e4 d6 5. d4 O-O 6. Be2 e5 7. Be3 Ng4 8. Bg5 f6
9. Bh4 Nc6 10. d5 Ne7 11. Nd2 Nh6 12. O-O g5 13. Bg3 Ng6 14. Rc1 f5 15. exf5
Nxf5 0-1

[Event "Let's Play Chess!Free"]
[Site "http://www.queenalice.com/game.php?id=954072"]
[Date "2011.6.27"]
[Round "-"]
[White "spawnwolfwolverine"]
[Black "lmangifeste"]
[Result "0-1"]
[WhiteElo "1675"]
[BlackElo "1136"]

1. d4 Nf6 2. e3 g6 3. g3 Bg7 4. Bg2 d5 5. Ne2 O-O 6. O-O Nc6 7. b3 e5 8. a4 Bf5
9. Ba3 Re8 10. Nd2 exd4 11. Nxd4 Nxd4 12. exd4 a5 13. c4 Bd3 14. cxd5 Bxf1 15.
Nxf1 Nxd5 16. Bxd5 Qxd5 17. Bb2 c5 18. Rb1 cxd4 19. h4 d3 20. Bxg7 Kxg7 21. Ne3
Qd7 22. b4 d2 23. b5 Rac8 24. Kg2 Rc5 25. b6 Qc6+ 26. Qf3 Qxf3+ 27. Kxf3 Rc1 28.
Rb5 Rxe3+ 29. fxe3 d1=Q+ 30. Kf4 Qxa4+ 31. e4 Rf1+ 32. Ke3 Qa3+ 33. Kd4 Rd1+ 34.
Ke5 Qxg3# 0-1

[Event "Let's Play Chess!"]
[Site "http://www.queenalice.com/game.php?id=955852"]
[Date "2011.7.2"]
[Round "-"]
[White "lmangifeste"]
[Black "charles31"]
[Result "1-0"]
[WhiteElo "1105"]
[BlackElo "1835"]

1. e4 e5 2. Nf3 d6 3. d4 exd4 4. Nxd4 h6 5. Bc4 Nf6 6. Nc3 a6 7. O-O c5 8. Nf5
g6 9. e5 Bxf5 10. exf6 Qxf6 11. Qf3 Nc6 12. Re1+ Be7 13. Nd5 Qd4 14. Nxe7 Nxe7
15. Qxb7 O-O 16. Bf1 Nd5 17. c3 Qg4 18. Qxd5 Rfe8 19. Bxh6 Rad8 20. Rxe8+ Rxe8
21. Qxd6 Be4 22. Qf6 1-0

[Event "Let's Play Chess!K"]
[Site "http://www.queenalice.com/game.php?id=956510"]
[Date "2011.7.4"]
[Round "-"]
[White "spawnwolfwolverine"]
[Black "lmangifeste"]
[Result "1-0"]
[WhiteElo "1680"]
[BlackElo "1215"]

1. e4 d5 2. exd5 Nf6 3. Nf3 Nxd5 4. Be2 Nc6 5. O-O Nf4 6. d3 Nxe2+ 7. Qxe2 Nd4
8. Nxd4 Qxd4 9. Nc3 Bg4 10. Qe3 e5 11. Qxd4 exd4 12. Ne4 Be7 13. c3 f5 14. Ng3
dxc3 15. bxc3 Bf6 16. Re1+ Kd7 17. d4 Rhe8 18. Rxe8 Rxe8 19. Bd2 c5 20. f3 cxd4
21. cxd4 Bd8 22. fxg4 fxg4 23. d5 Bb6+ 24. Kf1 Rf8+ 25. Ke1 Rf2 26. Bc3 Rxg2 27.
Bxg7 Rxh2 28. Nf5 Rh5 29. Ng3 Rg5 30. Ne4 Rxg7 31. Rc1 Bc7 32. d6 Bxd6 33. Nxd6
Rg5 34. Nc4 g3 35. Kf1 h5 36. Kg2 h4 37. Rh1 b5 38. Ne3 Rh5 39. Nf1 Rf5 40. Rxh4
Rf2+ 41. Kxg3 Rxf1 42. Rh7+ Kd6 43. Rxa7 Kc6 44. a4 Kb6 45. Ra8 1-0

[Event "Let's Play Chess!Re"]
[Site "http://www.queenalice.com/game.php?id=961749"]
[Date "2011.7.18"]
[Round "-"]
[White "spawnwolfwolverine"]
[Black "lmangifeste"]
[Result "0-1"]
[WhiteElo "1669"]
[BlackElo "1185"]

1. d4 d5 2. e3 Nf6 3. g3 c5 4. Bg2 e6 5. Ne2 Be7 6. O-O O-O 7. b3 Nc6 8. a4 cxd4
9. Nxd4 e5 10. Nxc6 bxc6 11. Ba3 Bxa3 12. Nxa3 Bg4 13. f3 Be6 14. c4 Rb8 15.
cxd5 cxd5 16. f4 Qb6 17. Nb5 Ng4 18. Re1 a6 19. Nc3 Nxe3 20. Qd3 Ng4+ 21. Kh1
Nf2+ 22. Kg1 Nh3+ 23. Kh1 Qg1+ 24. Rxg1 Nf2# 0-1

[Event "Let's Play Chess!300"]
[Site "http://www.queenalice.com/game.php?id=961751"]
[Date "2011.7.18"]
[Round "-"]
[White "spawnwolfwolverine"]
[Black "lmangifeste"]
[Result "1-0"]
[WhiteElo "1688"]
[BlackElo "1213"]

1. d4 d5 2. e3 Nf6 3. g3 c5 4. dxc5 e6 5. b4 b6 6. c3 bxc5 7. Ba3 cxb4 8. Bxb4
Bxb4 9. cxb4 O-O 10. Bg2 Nc6 11. a3 Ba6 12. Ne2 Ne5 13. O-O Rb8 14. Nbc3 Bc4 15.
f4 Neg4 16. Qd2 Qb6 17. Nd4 Bxf1 18. Bxf1 e5 19. fxe5 Nxe5 20. b5 Rfc8 21. a4
Qxd4 22. Qxd4 Nf3+ 23. Kf2 Nxd4 24. exd4 Rxc3 25. a5 Kf8 26. b6 axb6 27. axb6
Ne4+ 28. Kg2 Rxb6 29. Kh3 Rh6+ 30. Kg4 Rxh2 31. Ra8+ Ke7 32. Ra7+ 1-0

[Event "Challenge"]
[Site "http://www.queenalice.com/game.php?id=962404"]
[Date "2011.7.20"]
[Round "-"]
[White "lmangifeste"]
[Black "Paulo1210"]
[Result "1-0"]
[WhiteElo "1164"]
[BlackElo "1295"]

1. Nf3 e6 2. e3 Nc6 3. Bc4 d5 4. Be2 Qf6 5. O-O Nh6 6. c4 Qg6 7. cxd5 exd5 8.
Qb3 Nf5 9. Qxd5 Nh4 10. Nxh4 Be6 11. Nxg6 Bxd5 12. Nxh8 Rd8 13. Nc3 Be6 14. d4
g6 15. Nb5 Rd7 16. Bf3 Bg7 17. d5 Bxh8 18. dxc6 bxc6 19. Bxc6 Bc4 20. Rd1 Be6
21. Bxd7+ Bxd7 22. Nxc7+ Ke7 23. Rd5 Be6 24. Ra5 Bd7 25. Rxa7 Kd6 26. Na6 1-0

[Event "Let's Play Chess!ich"]
[Site "http://www.queenalice.com/game.php?id=970238"]
[Date "2011.8.9"]
[Round "-"]
[White "Taurus"]
[Black "lmangifeste"]
[Result "1-0"]
[WhiteElo "1986"]
[BlackElo "1207"]

1. e4 d5 2. exd5 Nf6 3. c4 c6 4. dxc6 Nxc6 5. h3 Bf5 6. Nf3 e5 7. a3 Bc5 8. d3
O-O 9. Nc3 Rc8 10. b4 Bd4 11. Bb2 Re8 12. Be2 h5 13. O-O Bb6 14. Qd2 Qe7 15.
Rfe1 Red8 16. Qc2 Rd6 17. c5 Rd4 18. cxb6 Rc4 19. Qa4 Rf4 20. Bc1 axb6 21. Bxf4
exf4 22. Qb5 Be6 23. Qxb6 Nxb4 24. Qxb4 Qxb4 25. axb4 Rxc3 26. Ra8+ Kh7 27. Ng5+
Kg6 28. Nxe6 fxe6 29. Rb8 b5 30. Rb1 Rc2 31. Bf3 Rd2 32. Be4+ Nxe4 33. dxe4 Re2
34. f3 Rc2 35. Rxb5 1-0

[Event "Challenge"]
[Site "http://www.queenalice.com/game.php?id=970243"]
[Date "2011.8.9"]
[Round "-"]
[White "lmangifeste"]
[Black "Taurus"]
[Result "0-1"]
[WhiteElo "1209"]
[BlackElo "1984"]

1. d4 d5 2. Bf4 Nf6 3. e3 Nc6 4. Nc3 Bf5 5. Bd3 Qd7 6. Bxf5 Qxf5 7. Bxc7 Ng4 8.
Nf3 Rc8 9. Bf4 Nb4 10. Rc1 Qd7 11. Rf1 e6 12. Rh1 Be7 13. Kf1 O-O 14. Kg1 Rfe8
15. Ra1 Nf6 16. Ne5 Qd8 17. Nd3 Nc6 18. Qd2 Nh5 19. Qe2 Nxf4 20. Nxf4 a6 21. Nh5
Bg5 22. Re1 Ne7 23. a3 Qb6 24. Na4 Qc7 25. Qg4 Bh6 26. Nf6+ Kh8 27. Nxe8 Rxe8
28. Qd1 Ng6 29. Nc5 e5 30. Nd3 e4 31. Nc5 a5 32. b3 b6 0-1